000 00309nam a2200121Ia 4500
008 190216s9999||||xx |||||||||||||| ||und||
100 _aGupta C B
245 0 _aBusiness Studies: Question Bank
260 _bTata Mcgraw Hill Publishing Company Ltd
_c2003
300 _a313
650 _aCommerce
942 _cREF
999 _c36718
_d36718